|
|
|
|
| LEADER |
00000cam a22000004a 4500 |
| 001 |
musev2_23992 |
| 003 |
MdBmJHUP |
| 005 |
20230905042544.0 |
| 006 |
m o d |
| 007 |
cr||||||||nn|n |
| 008 |
130716s2013 mdu o 00 0 eng d |
| 020 |
|
|
|a 9781421409757
|
| 020 |
|
|
|z 9781421409740
|
| 035 |
|
|
|a (OCoLC)852898947
|
| 040 |
|
|
|a MdBmJHUP
|c MdBmJHUP
|
| 100 |
1 |
|
|a Berti, Benedetta.
|
| 245 |
1 |
0 |
|a Armed Political Organizations :
|b From Conflict to Integration /
|c Benedetta Berti.
|
| 264 |
|
1 |
|a Baltimore :
|b The Johns Hopkins University Press,
|c [2013]
|
| 264 |
|
3 |
|a Baltimore, Md. :
|b Project MUSE,
|c 2013
|
| 264 |
|
4 |
|c ©[2013]
|
| 300 |
|
|
|a 1 online resource (256 pages).
|
| 336 |
|
|
|a text
|b txt
|2 rdacontent
|
| 337 |
|
|
|a computer
|b c
|2 rdamedia
|
| 338 |
|
|
|a online resource
|b cr
|2 rdacarrier
|
| 505 |
0 |
|
|a 1. Introduction -- 2. The power of politics: party formation and armed struggle -- 3. The Lebanese Hezbollah: armed "resistance" and political integration -- 4. The Palestinian Hamas: political participation between internal cohesion and dissent -- 5. The Irish Republican Army and Sinn Fein in Northern Ireland: a model of political transition? -- 6. Armed groups and political integration: summary of findings and policy implications -- Bibliography.
|
| 520 |
|
|
|a Many armed-political movements such as Hezbollah, Hamas, and the Irish Republican Army (IRA) have their roots in insurrection and rebellion. The author seeks to understand when and why violent actors in a political organization choose to vote rather than bomb their way to legitimacy.
|
| 588 |
|
|
|a Description based on print version record.
|
| 610 |
2 |
7 |
|a Irish Republican Army.
|2 fast
|0 (OCoLC)fst00544685
|
| 610 |
2 |
7 |
|a Hizballah (Lebanon)
|2 fast
|0 (OCoLC)fst00648264
|
| 610 |
2 |
7 |
|a Ḥarakat al-Muqāwamah al-Islāmīyah.
|2 fast
|0 (OCoLC)fst00654141
|
| 610 |
2 |
0 |
|a Irish Republican Army.
|
| 610 |
2 |
0 |
|a Ḥarakat al-Muqāwamah al-Islāmīyah.
|
| 610 |
2 |
0 |
|a Hizballah (Lebanon)
|
| 650 |
|
7 |
|a Political violence.
|2 fast
|0 (OCoLC)fst01069902
|
| 650 |
|
7 |
|a POLITICAL SCIENCE
|x Political Process
|x Political Advocacy.
|2 bisacsh
|
| 650 |
|
7 |
|a terrorism.
|2 aat
|
| 650 |
|
6 |
|a Violence politique.
|
| 650 |
|
0 |
|a Political violence.
|
| 655 |
|
7 |
|a Electronic books.
|2 local
|
| 710 |
2 |
|
|a Project Muse.
|e distributor
|
| 830 |
|
0 |
|a Book collections on Project MUSE.
|
| 856 |
4 |
0 |
|z Texto completo
|u https://projectmuse.uam.elogim.com/book/23992/
|
| 945 |
|
|
|a Project MUSE - Custom Collection
|
| 945 |
|
|
|a Project MUSE - 2013 Political Science and Policy Studies
|
| 945 |
|
|
|a Project MUSE - 2013 Complete
|